Information processing - student's book / (Record no. 13398)

MARC details
000 -LEADER
fixed length control field 00554nam a2200169 a 4500
020 ## - INTERNATIONAL STANDARD BOOK NUMBER
ISBN 0273020641 (paperback)
020 ## - INTERNATIONAL STANDARD BOOK NUMBER
ISBN 9780273020646 (paperback)
100 1# - MAIN ENTRY--AUTHOR NAME
Personal name Mullins, Elaine.
245 10 - TITLE STATEMENT
Title Information processing - student's book /
260 ## - PUBLICATION, DISTRIBUTION, ETC. (IMPRINT)
Place of publication [S.l.] :
Name of publisher Pitmans,
Year of publication 1985.
300 ## - PHYSICAL DESCRIPTION
Number of Pages 1 v. (unpaged) ;
500 ## - GENERAL NOTE
General note Import.
856 40 - ELECTRONIC LOCATION AND ACCESS
Uniform Resource Identifier http://www.amazon.com/exec/obidos/ASIN/0273020641/chopaconline-20
Holdings
Withdrawn status Lost status Home library Current library Date acquired Cost, normal purchase price Accession Number Koha item type
    Seminar Library, Mathematics & Statis. Seminar Library, Mathematics & Statis. 30/04/2015 101.00 9760 Books